| 000 | 00623nam a2200205Ia 4500 | ||
|---|---|---|---|
| 003 | GCL | ||
| 008 | 140319s9999 xx 000 0 ara d | ||
| 040 |
_aGCL / _cGCL |
||
| 082 | 0 | 4 |
_a863.009 _bب ع |
| 100 | 1 | _aانعام الجندى | |
| 245 | 1 | 0 |
_aعزلة غابرييل غارسيا ماركيز / _cانعام الجندى |
| 700 | 1 | _aبراسو، ميغيل فرنانديز | |
| 700 | 1 | _aناديا ظافر شعبان | |
| 300 | _a118 ص | ||
| 490 | _a | ||
| 650 | 0 | 4 | _aالادب |
| 650 | 0 | 4 | _aالادب الاسبانى |
| 650 | 0 | 4 | _aالادب الاسبانى - تاريخ ونقد |
| 942 |
_2ddc _cBK |
||
| 999 |
_c48535 _d48535 |
||